000 00415nam a2200205Ia 4500
001 12703
003 GE_BSU
008 181216s||||||||xx |||||||||||||| ||und||
020 _a9780099497876
040 _cGE_BSU
080 _a821.111-32
100 _aPrice,Katie
245 _aAngel
260 _aLondon
260 _bArrow books
260 _c2006
300 _a425p.18cm.
653 _aAngel
942 _cBK
999 _c45874
_d45874